Rosa Italia 1982 - Statistics

Statistiche generali
  • Questo quiz è stato fatto 117 volte
  • Il punteggio medio è 13 su 22
Statistiche sulle risposte
Ruolo Club dell'epoca Calciatore % Corretto
Portiere Juventus Dino Zoff
100%
Juventus Paolo Rossi
97%
Juventus Marco Tardelli
95%
Juventus Gaetano Scirea
86%
Juventus Antonio Cabrini
84%
Difensore Milan Franco Baresi
81%
Roma Bruno Conti
80%
Inter Alessandro Altobelli
78%
Inter Giuseppe Bergomi
76%
Fiorentina Francesco Graziani
70%
Juvenus Claudio Gentile
66%
Centrocampista Fiorentina Giancarlo Antognoni
66%
Udinese Franco Causio
53%
Milan Fulvio Collovati
49%
Fiorentina Giovanni Galli
45%
Inter Gabriele Oriali
43%
Cagliari Franco Selvaggi
31%
Inter Ivano Bordon
31%
Fiorentina Pietro Vierchowod
27%
Inter Gianpiero Marini
26%
Torino Giuseppe Dossena
26%
Attaccante Fiorentina Daniele Massaro
19%
Nessun quiz corrispondente trovato
Distribuzione punteggi
Percentuale di utenti per punteggio
Percentile per numero di risposta
I tuoi punteggi nel tempo
Non hai fatto questo quiz